Intro: Girl Under The Grey Cloud.- RAYE (Lyrics) - Statistics

General Stats
  • This quiz has been taken 3 times
  • The average score is 133 of 210
Answer Stats
Answer % Correct
a
100%
A
100%
be
100%
Call
100%
cloud
100%
girl
100%
grey
100%
her
100%
Her
100%
in
100%
me
100%
me,
100%
need
100%
no
100%
please
100%
pray
100%
say
100%
that
100%
That
100%
the
100%
The
100%
to
100%
under
100%
We
100%
Allow
67%
alone
67%
bar
67%
Chin
67%
Cue
67%
deep
67%
dress
67%
efforts
67%
from
67%
From
67%
grandma
67%
herself
67%
Ingredients
67%
is
67%
late
67%
note
67%
notice
67%
Paris
67%
scene
67%
set
67%
seven
67%
she
67%
She
67%
This
67%
thunder
67%
twenties
67%
Vermouth
67%
voice
67%
walks
67%
woman
67%
would
67%
zip
67%
2:27
33%
AM
33%
And
33%
and
33%
arms
33%
around
33%
As
33%
as
33%
assessment
33%
at
33%
Autumn
33%
become
33%
begins
33%
belittling
33%
blanket
33%
brewing
33%
catalyst
33%
chest,
33%
concrete,
33%
culmination,
33%
dark
33%
day
33%
desperately
33%
disappointed,
33%
earlier
33%
echo
33%
eyebrows
33%
eyelashes
33%
fake
33%
fill
33%
finally
33%
follows
33%
For
33%
for
33%
has
33%
hem
33%
hole
33%
hotel
33%
leaves
33%
left
33%
loneliness,
33%
make
33%
man
33%
many
33%
must
33%
Negronies
33%
night
33%
November
33%
nurses
33%
of
33%
on
33%
one
33%
our
33%
perfect
33%
plucked
33%
prove
33%
rain
33%
rainy
33%
received
33%
recipe
33%
red
33%
rejection
33%
scratching
33%
she'd
33%
sky
33%
storm
33%
storms
33%
story
33%
stranger
33%
Though
33%
trying
33%
umbrella,
33%
waist
33%
walking
33%
was
33%
way
33%
weathered
33%
were
33%
wore
33%
wrapped
33%
Yet
33%
No matching quizzes found
Score Distribution
Percent of People with Each Score
Percentile by Number Answered
Your Score History
You have not taken this quiz